Move that mountain / (Record no. 5052)
[ view plain ]
| 000 -LEADER | |
|---|---|
| fixed length control field | 00762cam a2200253 i 4500 |
| 001 - CONTROL NUMBER | |
| control field | 2464521 |
| 003 - CONTROL NUMBER IDENTIFIER | |
| control field | OCoLC |
| 005 - DATE AND TIME OF LATEST TRANSACTION | |
| control field | 20181219180044.0 |
| 008 - FIXED-LENGTH DATA ELEMENTS--GENERAL INFORMATION | |
| fixed length control field | 760831s1976 njuaf 000 0aeng |
| 020 ## - INTERNATIONAL STANDARD BOOK NUMBER | |
| International Standard Book Number | 0882701649 : |
| Terms of availability | $5.95 |
| 040 ## - CATALOGING SOURCE | |
| Original cataloging agency | DLC |
| Transcribing agency | DLC |
| Modifying agency | BGU |
| 050 0# - LIBRARY OF CONGRESS CALL NUMBER | |
| Classification number | BV3785.B3 |
| Item number | A35 |
| 082 ## - DEWEY DECIMAL CLASSIFICATION NUMBER | |
| Classification number | 823 |
| Item number | B168M |
| 100 1# - MAIN ENTRY--PERSONAL NAME | |
| Personal name | Bakker, Jim, |
| Dates associated with a name | 1940- |
| 245 10 - TITLE STATEMENT | |
| Title | Move that mountain / |
| Statement of responsibility, etc. | by Jim Bakker with Robert Paul Lamb |
| 250 ## - EDITION STATEMENT | |
| Edition statement | 1st ed |
| 260 ## - PUBLICATION, DISTRIBUTION, ETC. | |
| Place of publication, distribution, etc. | Plainfield, N.J. : |
| Name of publisher, distributor, etc. | Logos International, |
| Date of publication, distribution, etc. | 1976 |
| 300 ## - PHYSICAL DESCRIPTION | |
| Extent | vii, 183 p., [4] leaves of plates : |
| Other physical details | ill. ; |
| Dimensions | 21 cm |
| 600 10 - SUBJECT ADDED ENTRY--PERSONAL NAME | |
| Personal name | Bakker, Jim, |
| Dates associated with a name | 1940- |
| 650 #0 - SUBJECT ADDED ENTRY--TOPICAL TERM | |
| Topical term or geographic name entry element | Evangelists |
| Geographic subdivision | United States |
| General subdivision | Biography |
| 650 #0 - SUBJECT ADDED ENTRY--TOPICAL TERM | |
| Topical term or geographic name entry element | Television in religion |
| 700 1# - ADDED ENTRY--PERSONAL NAME | |
| Personal name | Lamb, Robert Paul. |
| Relator term | joint author |
| 942 ## - ADDED ENTRY ELEMENTS (KOHA) | |
| Source of classification or shelving scheme | Dewey Decimal Classification |
| Koha item type | Books |
| Withdrawn status | Lost status | Source of classification or shelving scheme | Damaged status | Not for loan | Collection code | Home library | Current library | Shelving location | Date acquired | Cost, normal purchase price | Total Checkouts | Full call number | Barcode | Date last seen | Price effective from | Koha item type |
|---|---|---|---|---|---|---|---|---|---|---|---|---|---|---|---|---|
| Dewey Decimal Classification | Non-fiction | Harvest Mission College | Harvest Mission College | General Stacks | 19.12.2018 | 250.00 | 823 B168M | 005783 | 19.12.2018 | 19.12.2018 | Books |
